00307nam a22001217a 4500008004100000082001700041100002500058245002200083260004400105300000900149942001200158999001500170230629b xxu||||| |||| 00| 0 eng d a346.05bSCOT cAustin Wakeman Scott aThe Law of Trusts aBostonblittle, Brown and Companyc1956 a802p 2ddccBK c3110d3110